000 00305nam a22001337a 4500
008 181031b xxu||||| |||| 00| 0 eng d
020 _a9780070407268
041 _aeng
080 _23rd
_a710
100 _a44
101 _aART
245 _aThe Humanities Through the Arts
_cHill,M.G
942 _2udc
_cBK
999 _c51222
_d51222